000 00470nam a2200169Ia 4500
003 GCL
008 140319s9999 xx 000 0 eng d
040 _aGCL /
_cGCL
082 0 4 _a372.044042
_bM F
100 1 _aMOBIN, YVES
245 1 0 _aFRANCE GRANDE - BRETAGNE /
_cMOBIN, YVES
260 _a[S.N] :
_bMINISTERE DES AFFAIRS ،
_c1996
300 _a140 P
650 0 4 _aEUROPE - INTERNATIONAL RELATIONS
650 0 4 _aFRANCE - INTERNATIONAL RELATION
942 _2ddc
_cBK
999 _c15432
_d15432